000 00564nam a2200205Ia 4500
005 20250508151858.0
008 008 250505s9999 xx 000 0 eng d
037 _aTextual
040 _aFEDL
_beng
_cFEDL
041 _aeng
_2eng
084 _a150.1943, GRI
_qFEDL
100 _aGrinker Roy R
_989840
245 0 _aToward a Unified theory of human behavior
260 _aNew York, USA
_bBasic Books
_c1956
300 _axv,375p.
365 _aINR
_b33
650 _aPsychology
942 _cTEXL
_h150.1943, GRI
999 _c1332657
_d1332657